| 000 | 00884nam a2200241 a 4500 | ||
|---|---|---|---|
| 001 | 37797 | ||
| 003 | BD-RjUL | ||
| 005 | 20211209052646.0 | ||
| 008 | 181002s1914 enk 000 0 eng d | ||
| 035 | _a(BD-RjUL)37902 | ||
| 040 |
_aUniv. of Calif _cOUN _dNJB _dBD-RjUL _beng |
||
| 041 | _aeng | ||
| 082 |
_223 _a297 _bMAE 1914 |
||
| 100 | 1 |
_aMargoliouth, D. S. _q(David Samuel), _d1858-1940. _9223185 |
|
| 245 | 1 | 4 |
_aThe early development of Mohammedanism : _bLectures delivered in the University of London, May and June, 1913 / _cby D. S. Margoliouth. |
| 260 |
_aLondon : _bWilliams and Norgate, _c1914. |
||
| 300 |
_aix, 265 p ; _c22 cm. |
||
| 490 |
_aHibbert lectures (London, England) ; _v2nd series |
||
| 600 | 0 | 0 |
_aMuḼammad, _cProphet, _d-632. _9223186 |
| 650 | 0 |
_aIslam _xHistory. _9223187 |
|
| 830 | 0 |
_aHibbert lectures (London, England) ; _v2nd series _9223188 |
|
| 942 |
_2ddc _cRAR |
||
| 999 |
_c37797 _d37797 |
||